000 00341nam a2200145Ia 4500
008 230312s9999||||xx |||||||||||||| ||und||
020 _a187663356-5
082 _a004
_bFIT-B
100 _aHerrmann;Eric
245 0 _aMastering Perl 5
260 _bThomson
_aAustralia
_c2000
300 _a317
650 _aComputer
_vComputer
942 _cBK
999 _c15422
_d15422